<?xml version="1.0" encoding="UTF-8"?>
<collection xmlns="http://www.loc.gov/MARC21/slim">
 <record>
  <leader>     na                 </leader>
  <controlfield tag="001">INLIS000000000861063</controlfield>
  <controlfield tag="005">20210614013844</controlfield>
  <datafield tag="035" ind1=" " ind2=" ">
   <subfield code="a">0010-0621000598</subfield>
  </datafield>
  <controlfield tag="007">ta</controlfield>
  <controlfield tag="008">210505s2021    yoia   g            ind d</controlfield>
  <datafield tag="020" ind1=" " ind2=" ">
   <subfield code="a">978-623-94395-3-8</subfield>
  </datafield>
  <datafield tag="040" ind1=" " ind2=" ">
   <subfield code="a">YOPDYOG</subfield>
   <subfield code="b">ind</subfield>
   <subfield code="e">rda</subfield>
  </datafield>
  <datafield tag="082" ind1="0" ind2="4">
   <subfield code="2">23</subfield>
   <subfield code="a">809.8</subfield>
  </datafield>
  <datafield tag="084" ind1=" " ind2=" ">
   <subfield code="a">809.8 SIT p</subfield>
  </datafield>
  <datafield tag="090" ind1=" " ind2=" ">
   <subfield code="a">CB-D.11 2021-0578</subfield>
  </datafield>
  <datafield tag="100" ind1="0" ind2=" ">
   <subfield code="a">Siti Syariah,</subfield>
   <subfield code="d">1990-</subfield>
   <subfield code="e">penulis</subfield>
   <subfield code="t">Pahlawan literasi dari negeri tertinggal</subfield>
  </datafield>
  <datafield tag="245" ind1="1" ind2="0">
   <subfield code="a">Para pejuang literasi :</subfield>
   <subfield code="b">antologi kisah pejuang literasi nusantara /</subfield>
   <subfield code="c">penulis, Siti Syariah, Yusuf Ali Putro, Dimas Indiana Senja, Abduh Donny Safari, Gilang Nanda Permana Widodo, I Komang Arsana, Nita Juniarti, Muhammad Wasni, Fitri Yanti, Roudlotul Jannah, Megandidni Listy Indira, Ayu Rahmawati Kautsar Dieni</subfield>
  </datafield>
  <datafield tag="250" ind1=" " ind2=" ">
   <subfield code="a">Cetakan pertama, Maret 2021</subfield>
  </datafield>
  <datafield tag="300" ind1=" " ind2=" ">
   <subfield code="a">x, 193 halaman :</subfield>
   <subfield code="b">ilustrasi, gambar ;</subfield>
   <subfield code="c">20 cm</subfield>
  </datafield>
  <datafield tag="650" ind1=" " ind2="4">
   <subfield code="a">Kisah kehidupan</subfield>
  </datafield>
  <datafield tag="700" ind1="0" ind2=" ">
   <subfield code="a">Yusuf Ali Putro,</subfield>
   <subfield code="d">1981-</subfield>
   <subfield code="e">penulis</subfield>
   <subfield code="t">MIsteri sudut senja: di antara kibaran cahaya sang pewarna</subfield>
  </datafield>
  <datafield tag="700" ind1="0" ind2=" ">
   <subfield code="a">Dimas Indiana Senja</subfield>
   <subfield code="e">penulis</subfield>
   <subfield code="t">Tokoh aku yang berkelindan dengan buku</subfield>
  </datafield>
  <datafield tag="700" ind1="0" ind2=" ">
   <subfield code="a">Abduh,</subfield>
   <subfield code="d">1994-</subfield>
   <subfield code="e">penulis</subfield>
   <subfield code="t">Taufik Hidayat: pejuang literasi dari kota tape</subfield>
  </datafield>
  <datafield tag="700" ind1="0" ind2=" ">
   <subfield code="a">Gilang Nanda Permana Widodo,</subfield>
   <subfield code="d">2002-</subfield>
   <subfield code="e">penulis</subfield>
   <subfield code="t">Tiga serangkai: dengan buku asa tercapai</subfield>
  </datafield>
  <datafield tag="700" ind1="0" ind2=" ">
   <subfield code="a">I Komang Arsana,</subfield>
   <subfield code="d">1981-</subfield>
   <subfield code="e">penulis</subfield>
   <subfield code="t">Giat inovasi literasi berbuah prestasi</subfield>
  </datafield>
  <datafield tag="700" ind1="0" ind2=" ">
   <subfield code="a">Nita Juniarti,</subfield>
   <subfield code="d">1993-</subfield>
   <subfield code="e">penulis</subfield>
   <subfield code="t">Yang belia, yang ikut serta</subfield>
  </datafield>
  <datafield tag="700" ind1="0" ind2=" ">
   <subfield code="a">Muhammad Wasni,</subfield>
   <subfield code="d">1988-</subfield>
   <subfield code="e">penulis</subfield>
   <subfield code="t">Fajar yang tak kunjung temukan pagi</subfield>
  </datafield>
  <datafield tag="700" ind1="0" ind2=" ">
   <subfield code="a">Fitri Yanti,</subfield>
   <subfield code="d">1987-</subfield>
   <subfield code="e">penulis</subfield>
   <subfield code="t">Literasi berbuah prestasi</subfield>
  </datafield>
  <datafield tag="700" ind1="0" ind2=" ">
   <subfield code="a">Roudlotul Jannah,</subfield>
   <subfield code="d">1990-</subfield>
   <subfield code="e">penulis</subfield>
   <subfield code="t">Sebuah perjalanan</subfield>
  </datafield>
  <datafield tag="700" ind1="0" ind2=" ">
   <subfield code="a">Megandidni Listy Indira,</subfield>
   <subfield code="d">1996-</subfield>
   <subfield code="e">penulis</subfield>
   <subfield code="t">Membangkitkan kembali spirit Perpustakaan Baitul Hikmah Abbasiyyah</subfield>
  </datafield>
  <datafield tag="700" ind1="0" ind2=" ">
   <subfield code="a">Ayu Rahmawati Kautsar Dieni,</subfield>
   <subfield code="d">1997-</subfield>
   <subfield code="e">penulis</subfield>
   <subfield code="t">Membangkitkan kembali spirit Perpustakaan Baitul Hikmah Abbasiyyah</subfield>
  </datafield>
  <datafield tag="850" ind1=" " ind2=" ">
   <subfield code="a">YOPDYOG</subfield>
  </datafield>
  <datafield tag="264" ind1="3" ind2="1">
   <subfield code="a">Yogyakarta :</subfield>
   <subfield code="b">Lokajaya Media,</subfield>
   <subfield code="c">2021</subfield>
  </datafield>
  <datafield tag="336" ind1=" " ind2=" ">
   <subfield code="2">rdacontent</subfield>
   <subfield code="a">teks</subfield>
  </datafield>
  <datafield tag="337" ind1=" " ind2=" ">
   <subfield code="2">rdamedia</subfield>
   <subfield code="a">tanpa perantara</subfield>
  </datafield>
  <datafield tag="338" ind1=" " ind2=" ">
   <subfield code="2">rdacarrier</subfield>
   <subfield code="a">volume</subfield>
  </datafield>
  <datafield tag="999" ind1=" " ind2=" ">
   <subfield code="a">CB-D.11/2021-0578</subfield>
  </datafield>
  <datafield tag="990" ind1=" " ind2=" ">
   <subfield code="a">CB-D.11/2021-0578</subfield>
  </datafield>
  <datafield tag="990" ind1=" " ind2=" ">
   <subfield code="a">73309-PD/A.2025</subfield>
  </datafield>
 </record>
</collection>
